<?xml version="1.0" encoding="UTF-8"?>
<record
    xmlns:xsi="http://www.w3.org/2001/XMLSchema-instance"
    xsi:schemaLocation="http://www.loc.gov/MARC21/slim http://www.loc.gov/standards/marcxml/schema/MARC21slim.xsd"
    xmlns="http://www.loc.gov/MARC21/slim">

  <leader>01224nam a22002657a 4500</leader>
  <controlfield tag="003">BI-BuBU</controlfield>
  <controlfield tag="008">190417b2006    bd     fr|||| 000 0 fre d</controlfield>
  <datafield tag="037" ind1=" " ind2=" ">
    <subfield code="b">Don de l'auteur</subfield>
  </datafield>
  <datafield tag="039" ind1=" " ind2=" ">
    <subfield code="a">20190417120704.0</subfield>
    <subfield code="b">Constance Niyimpa</subfield>
  </datafield>
  <datafield tag="040" ind1=" " ind2=" ">
    <subfield code="a">BI-BuBU</subfield>
    <subfield code="b">fre</subfield>
    <subfield code="c">BI-BuBU</subfield>
  </datafield>
  <datafield tag="041" ind1="0" ind2=" ">
    <subfield code="a">fre</subfield>
  </datafield>
  <datafield tag="080" ind1=" " ind2=" ">
    <subfield code="a">336.21 </subfield>
  </datafield>
  <datafield tag="100" ind1="1" ind2=" ">
    <subfield code="4">aut.</subfield>
    <subfield code="a">Muhorakeye, Diane</subfield>
  </datafield>
  <datafield tag="245" ind1="1" ind2="0">
    <subfield code="a">Analyse de la charge fiscale sur une entreprise publique</subfield>
    <subfield code="b">cas de l'Office du Th&#xE9; du Burundi (O.T.B)</subfield>
    <subfield code="c">par Diane Muhorakeye ; D&#xE9;o Ngendakumana, directeur</subfield>
  </datafield>
  <datafield tag="260" ind1=" " ind2=" ">
    <subfield code="a">Bujumbura</subfield>
    <subfield code="b">Universit&#xE9; du Burundi, Facult&#xE9; des Sciences Economiques et Administratives</subfield>
    <subfield code="c">2006</subfield>
  </datafield>
  <datafield tag="300" ind1=" " ind2=" ">
    <subfield code="a">VIII-74 f.</subfield>
    <subfield code="c">30 cm.</subfield>
  </datafield>
  <datafield tag="500" ind1=" " ind2=" ">
    <subfield code="a">M&#xE9;moire pr&#xE9;sent&#xE9; et d&#xE9;fendu publiquement en vue de l'obtention du grade de Licenci&#xE9; en Sciences Economiques et Administratives.
Option : Gestion et Administration</subfield>
  </datafield>
  <datafield tag="650" ind1=" " ind2="7">
    <subfield code="2">BI-BuBU</subfield>
    <subfield code="a">Fiscalit&#xE9; : entreprise publique (Office du Th&#xE9; du Burundi)</subfield>
    <subfield code="z">Burundi</subfield>
  </datafield>
  <datafield tag="650" ind1=" " ind2="7">
    <subfield code="2">BI-BuBU</subfield>
    <subfield code="a">Charge fiscale</subfield>
    <subfield code="x">Office du Th&#xE9; du Burundi</subfield>
  </datafield>
  <datafield tag="655" ind1=" " ind2="7">
    <subfield code="2">BI-BuBU</subfield>
    <subfield code="a">M&#xE9;moire</subfield>
  </datafield>
  <datafield tag="700" ind1="1" ind2=" ">
    <subfield code="4">dir.</subfield>
    <subfield code="a">Ngendakumana, D&#xE9;o</subfield>
  </datafield>
  <datafield tag="710" ind1="1" ind2=" ">
    <subfield code="4">aut.</subfield>
    <subfield code="a">Universit&#xE9; du Burundi</subfield>
    <subfield code="b">Facult&#xE9; des Sciences Economiques et Administratives</subfield>
  </datafield>
  <datafield tag="942" ind1=" " ind2=" ">
    <subfield code="2">udc</subfield>
    <subfield code="c">MEM</subfield>
  </datafield>
  <datafield tag="999" ind1=" " ind2=" ">
    <subfield code="c">39646</subfield>
    <subfield code="d">39646</subfield>
  </datafield>
  <datafield tag="952" ind1=" " ind2=" ">
    <subfield code="0">0</subfield>
    <subfield code="1">0</subfield>
    <subfield code="2">udc</subfield>
    <subfield code="4">0</subfield>
    <subfield code="7">1</subfield>
    <subfield code="9">61522</subfield>
    <subfield code="b">BFSEA</subfield>
    <subfield code="d">2019-04-17</subfield>
    <subfield code="e">Don de l'auteur</subfield>
    <subfield code="l">0</subfield>
    <subfield code="o">336.21 MUH.</subfield>
    <subfield code="p">5010000466787</subfield>
    <subfield code="r">2019-04-17</subfield>
    <subfield code="t">1</subfield>
    <subfield code="w">2019-04-17</subfield>
    <subfield code="y">MEM</subfield>
    <subfield code="a">BFSEA</subfield>
  </datafield>
  <datafield tag="952" ind1=" " ind2=" ">
    <subfield code="0">0</subfield>
    <subfield code="1">0</subfield>
    <subfield code="2">udc</subfield>
    <subfield code="4">0</subfield>
    <subfield code="7">1</subfield>
    <subfield code="9">61583</subfield>
    <subfield code="a">BC</subfield>
    <subfield code="b">BC</subfield>
    <subfield code="d">2019-04-24</subfield>
    <subfield code="e">Don de l'auteur</subfield>
    <subfield code="l">0</subfield>
    <subfield code="o">R.336.21 MUH.</subfield>
    <subfield code="p">5010000467111</subfield>
    <subfield code="r">2019-04-24</subfield>
    <subfield code="t">2</subfield>
    <subfield code="w">2019-04-24</subfield>
    <subfield code="y">MEM</subfield>
    <subfield code="i">200309</subfield>
  </datafield>
</record>
